Κατάλογος Βιβλιοθηκών Mediterranean College

Crafting and Executing Strategy (Record no. 8190)

MARC details
000 -LEADER
fixed length control field 01706cam a22002414a 4500
005 - ΗΜΕΡΟΜΗΝΙΑ ΚΑΙ ΩΡΑ ΤΕΛΕΥΤΑΙΑΣ ΕΝΗΜΕΡΩΣΗΣ
Πεδίο ελέγχου 20250605164329.0
008 - FIXED-LENGTH DATA ELEMENTS--GENERAL INFORMATION
Πεδίο ελέγχου σταθερού μήκους 250528s ||||||||||||||||||||||||d
035 ## - SYSTEM CONTROL NUMBER
System control number 23160
020 ## - ISBN
ISBN 9780078112720
040 ## - ΠΗΓΗ ΚΑΤΑΛΟΓΟΓΡΑΦΗΣΗΣ
Φορέας πρωτότυπης καταλογογράφησης MC Athens Campus Library
Γλώσσα καταλογογράφησης Ελληνικά, Μοντέρνα (1453-)
Modifying agency MC Athens Campus Library
Κανόνες περιγραφικής καταλογογράφησης AACR2
245 1# - ΤΙΤΛΟΣ ΚΑΙ ΔΗΛΩΣΗ ΥΠΕΥΘΥΝΟΤΗΤΑΣ
Τίτλος Crafting and Executing Strategy
250 ## - EDITION STATEMENT
Edition statement 18th
260 ## - PUBLICATION, DISTRIBUTION, ETC.
Name of publisher, distributor, etc. Mcgraw Hill Irwin,
Date of publication, distribution, etc. 2012
300 ## - PHYSICAL DESCRIPTION
Extent 898
520 ## - SUMMARY, ETC.
Summary, etc. This book empowers students to design a strategy aimed at winning a competitive advantage for their company in head - to - head competition against companies run by their classmates. Concepts and Techniques for Crafting and Executing Therapy, What is Strategy and Why is it Important?, Charting a Company's Direction: Vision and Mission and Objectives and Strategy, Evaluating a Company's External Environment, Evaluating a Company's Resources and Capabilities and Competitiveness, The Five Generic Competitive Strategies: Which One to Employ?, Strengthening a Company's Competitive Position: Strategic Moves and Timing and Scope of Operations, Strategies for Competing in International Markets, Corporate Strategy: Diversification and the Multibusiness Company, Ethics and Corporate Social Responsibility and Environmental Sustainability and Strategy, Building an Organization Capable of Good Strategy Execution: People and Capabilities and Structure, Managing Internal Operations: Actions that Promote Good Strategy Execution, Corporate Culture and Leadership: Keys to Good Strategy Execution, Indexes.
700 1# - ΠΡΟΣΘΕΤΗ ΑΝΑΓΡΑΦΗ--ΦΥΣΙΚΟ ΠΡΟΣΩΠΟ
Personal name Gamble John E
9 (RLIN) 7889
700 1# - ΠΡΟΣΘΕΤΗ ΑΝΑΓΡΑΦΗ--ΦΥΣΙΚΟ ΠΡΟΣΩΠΟ
Personal name Peteraf Margaret A
9 (RLIN) 8738
700 1# - ΠΡΟΣΘΕΤΗ ΑΝΑΓΡΑΦΗ--ΦΥΣΙΚΟ ΠΡΟΣΩΠΟ
Personal name Strickland A.J
9 (RLIN) 1600
700 1# - ΠΡΟΣΘΕΤΗ ΑΝΑΓΡΑΦΗ--ΦΥΣΙΚΟ ΠΡΟΣΩΠΟ
Personal name Thompson Arthur
9 (RLIN) 1601
942 ## - ADDED ENTRY ELEMENTS (KOHA)
Koha item type Books
Holdings
Τύπος τεκμηρίου Βιβλιοθήκη Τρέχουσα τοποθεσία Barcode Αριθμός εισαγωγής Ημερομηνία απόκτησης Ταξιθετικό σύμβολο Αριθμός αντιτύπου Κατάσταση απόσυρσης Κατάσταση χαμένου Κατάσταση κατεστραμμένου Μη δανεισμός Σύνολο δανεισμών Ημερομηνία τελευταίας εμφάνισης Η τιμή ισχύει από
Books MC Athens Campus Library MC Athens Campus Library 9780000081896 7679 05/06/2025 658.4/012 PET 1           05/06/2025 05/06/2025

MC Athens Campus Library
Πατησίων 94 & Κοδριγκτώνος 13, 104 34
Πελλήνης 8 & Πατησίων 107, 112 51
Τ: +30 210 8899600

MC Thessaloniki Campus Library
Ίωνος Δραγούμη 21, 54625 | Ίωνος Δραγούμη 15, 54625
Τ: +30 2310 287779 – Τ: +30 2314 440300